000 00495nam a2200181Ia 4500
008 090123s9999 xx 000 0 und d
082 _b38712
100 _aदिवाण वृंदा
245 _aपत्र
250 _a1
260 _bविद्यार्थी प्रकाशन
_c2005
300 _a192
600 _aदिवाण वृंदा
630 _aपत्र
700 _aदिवाण वृंदा
730 _aपत्र
942 _cBOOK
999 _c76782
_d76782